00518nam a22001697a 450000500170000001000150001702000260003203500140005803700130007208200150008510000260010024500580012626000400018427000540022430000210027850000490029920170619103510.0 aENG-118740 a9788179105016c800.00 aEN-102272 bDBAD/PUB a305.420954 aJha, Anil Kumar Singh aRethinking gender equality /cby Anil Kumar Singh Jha aJaipurbAavishkar Publishers c2015 a807, Vyas Building, Chaura RastabJaipur e302003 a178p.c22cm(Hbk) aIncludes bibliographical reference and index